| 000 | 00689nam a22002055i 4500 | ||
|---|---|---|---|
| 001 | 168560 | ||
| 003 | ES-MaACL | ||
| 005 | 20250801153128.0 | ||
| 008 | 080421s1952 sp |||| | spa d | ||
| 100 | 0 |
_aRaine, William Macleod. _995034 |
|
| 245 | 1 | 4 |
_aLos forajidos de la frontera / _cWilliam Macleod Raine ; [versión española de Carlos Sánchez Alterhoff]. |
| 250 | _a[1ª ed.]. | ||
| 260 |
_aBarcelona : _bCaralt, _c[1952] |
||
| 300 |
_a236 p. ; _c21 cm. |
||
| 490 | 1 | _aEl amor y la aventura | |
| 700 | 1 |
_aSánchez Alterhoff, Carlos. _9137647 |
|
| 830 | 0 | 0 |
_aColección El amor y la aventura _9181308 |
| 852 |
_aES-MaACL _jD-8611 _9R.33358 |
||
| 999 |
_c168560 _d168560 |
||